书目信息 |
| 题名: |
港台豪宅设计典范
|
|
| 作者: | ;张春艳 , 荣亮 , 杨显艳 译 ;高迪国际出版公司 编 | |
| 分册: | ||
| 出版信息: | 大连 大连理工大学出版社 2014.08 |
|
| 页数: | 315页 | |
| 开本: | 30cm | |
| 丛书名: | ||
| 单 册: | ||
| 中图分类: | TU241 | |
| 科图分类: | ||
| 主题词: | 住宅--zhu zhai--室内装饰设计--香港--图集 , 住宅--zhu zhai--室内装饰设计--台湾--图集 | |
| 电子资源: | ||
| ISBN: | 978-7-5611-9181-1 | |
| 000 | 01269nam0 2200313 450 | |
| 001 | CAL 0120141415983 | |
| 005 | 20150817105746.01 | |
| 010 | @a978-7-5611-9181-1@b精装@dCNY320.00 | |
| 100 | @a20141126d2014 em y0chiy50 ea | |
| 101 | 0 | @achi@aeng |
| 102 | @aCN@b210000 | |
| 105 | @aa z 001yy | |
| 106 | @ar | |
| 200 | 1 | @a港台豪宅设计典范@Agang tai hao zhai she ji dian fan@d= Hong Kong & Taiwan modern villa leading design@f高迪国际出版有限公司编@g杨显艳, 张春艳, 荣亮译@zeng |
| 210 | @a大连@c大连理工大学出版社@d2014.08 | |
| 215 | @a315页@c彩图@d30cm | |
| 320 | @a有索引 | |
| 330 | @a本书精选了多位港台著名设计大师的最新创新力作, 多方位展现现今港台豪宅设计理念与设计趋势。每一个项目都是创意与设计的结合体, 从不同角度展现空间与人的紧密联系, 为探索人与空间的互动提供无限可能。 | |
| 510 | 1 | @aHong Kong & Taiwan modern villa leading design@zeng |
| 586 | @a | |
| 606 | 0 | @a住宅@Azhu zhai@x室内装饰设计@y香港@j图集 |
| 606 | 0 | @a住宅@Azhu zhai@x室内装饰设计@y台湾@j图集 |
| 690 | @aTU241@v5 | |
| 702 | 0 | @a张春艳@Azhang chun yan@4译 |
| 702 | 0 | @a荣亮@Arong liang@4译 |
| 702 | 0 | @a杨显艳@Ayang xian yan@4译 |
| 711 | 02 | @a高迪国际出版公司@Agao di guo ji chu ban gong si@4编 |
| 801 | 0 | @aCN@c20150820 |
| 905 | @a河南城建学院图书馆@dTU241@eG102@f1 | |
| 港台豪宅设计典范= Hong Kong & Taiwan modern villa leading design/高迪国际出版有限公司编/杨显艳, 张春艳, 荣亮译.-大连:大连理工大学出版社,2014.08 |
| 315页:彩图;30cm |
| ISBN 978-7-5611-9181-1(精装):CNY320.00 |
| 本书精选了多位港台著名设计大师的最新创新力作, 多方位展现现今港台豪宅设计理念与设计趋势。每一个项目都是创意与设计的结合体, 从不同角度展现空间与人的紧密联系, 为探索人与空间的互动提供无限可能。 |
| ● |
| 相关链接 |
|
|
|
正题名:港台豪宅设计典范
索取号:TU241/G102
 
预约/预借
| 序号 | 登录号 | 条形码 | 馆藏地/架位号 | 状态 | 备注 |
| 1 | 1165006 | 211650060 | 建筑库101/101建筑库 58排2列3层/ [索取号:TU241/G102] | 在馆 |